01057nam a2200253 i 4500001000700000003000900007005001700016007000300033008004100036080001200077100003300089245008300122250001200205260003800217300002200255490007000277505014600347650003200493700003900525830007800564852002100642999001900663952012100682110806ES-MaACL20250914145932.0t|070126s1926 sp ||||1| spa d a347.2511 aJhering, Rudolf von.912830213aLa posesión / cRodolfo von Ihering ; versión española de Adolfo Posada. a2ª ed. aMadrid : bHijos de Reus, c1926. a646 p. ; c23 cm.1 aBiblioteca jurídica de autores españoles y extranjeros ; v968 aContenido: I. El fundamento de la protección posesoria. II. La voluntad en la posesión con la crítica del método jurídico reinante.14aPosesión (Derecho)9163231 aPosada, Adolfo, d1860-19449933160 aBiblioteca jurídica de autores españoles y extranjeros ; v969182228 aES-MaACLjE-3090 c110806d110806 00104070aATENEOMbATENEOMcDEPO2d2008-01-17eSCl0oE-3090p1115612r2023-02-23 00:00:00w2023-02-23yMONOGRAFIA